Visual quickstart guide java script and ajax : for the web (Record no. 178583)

MARC details
000 -LEADER
fixed length control field 00473nam a2200169Ia 4500
008 - FIXED-LENGTH DATA ELEMENTS--GENERAL INFORMATION
fixed length control field 231217s9999 xx 000 0 und d
020 ## - INTERNATIONAL STANDARD BOOK NUMBER
International Standard Book Number 8131707369
041 ## - LANGUAGE CODE
Language code of text/sound track or separate title English
082 ## - DEWEY DECIMAL CLASSIFICATION NUMBER
Classification number 001.6424JAV NEG1;1 R
100 ## - MAIN ENTRY--PERSONAL NAME
Personal name Negrino, Tom; Smith,Dori
245 #0 - TITLE STATEMENT
Title Visual quickstart guide java script and ajax : for the web
250 ## - EDITION STATEMENT
Edition statement 6th ed.
260 ## - PUBLICATION, DISTRIBUTION, ETC.
Date of publication, distribution, etc. 2007
Name of publisher, distributor, etc. Pearson
Place of publication, distribution, etc. Delhi
300 ## - PHYSICAL DESCRIPTION
Extent xiv+498
650 ## - SUBJECT ADDED ENTRY--TOPICAL TERM
Topical term or geographic name entry element Visual,quickstart,java,script,ajax,:
942 ## - ADDED ENTRY ELEMENTS (KOHA)
Koha item type Books
Holdings
Date last seen Total checkouts Full call number Accession number Cost, total (INR) price Price effective from Category Lost status Damaged status Department Withdrawn status Home library Current library Shelving location Entry date Vendor Cost, normal purchase price Grants Billnumber Billdate Currency symbol Conversion rate Discount Old discount
26/01/2024   001.6424JAV NEG1;1 R 44053 280.00 26/01/2024 Books     Central Library   Central Library Central Library Central Library 08/02/2007 Tata Book House 350.00 MCA 3517 13/10/2008 RS 1 70 20
26/01/2024   001.6424JAV NEG1;2 R1 44056 280.00 26/01/2024 Books     Central Library   Central Library Central Library Central Library 08/02/2007 Tata Book House 350.00 MCA 3517 13/10/2008 RS 1 70 20

© For any Suggestions or Query, please contact the library staff @ librarian@pes.edu or Phone: +9180 2672 1983/ 2108.